| 000 | 00677nam a22002177a 4500 | ||
|---|---|---|---|
| 999 |
_c131497 _d131497 |
||
| 005 | 20181116141103.0 | ||
| 010 | _aB-225099, B-225124 B-225121 | ||
| 020 |
_c145.00 _a9788174765130 |
||
| 035 | _aB-225099, B-225119,B-225124 B-225121 | ||
| 037 | _bCen Lib/Ret | ||
| 082 |
_a646.7245 _bJAW |
||
| 100 | _aJawed Habib | ||
| 245 |
_aProfessional hairstyling / _cby Jawed Habib |
||
| 260 |
_aNew Delhi _bUBS publishers _c2005 |
||
| 270 |
_bNew Delhi _a5 Ansari road _e110002 |
||
| 300 |
_a170p.: _c21cm(pbk) _bill. |
||
| 650 | _aHairdressing | ||
| 650 |
_aHair _xCare and hygiene |
||
| 942 |
_2ddc _cEN _h646.7245 _mJAW |
||